|
|
|
|
| LEADER |
00905nta a2200217 i 4500 |
| 001 |
dokt4784 |
| 005 |
20200313095204.0 |
| 008 |
200309s2001 hu om 0|| hun d |
| 024 |
7 |
|
|a 121586
|2 mtmt
|
| 040 |
|
|
|a SZTE Doktori Repozitórium
|b hun
|
| 041 |
|
|
|a hun
|
| 100 |
1 |
|
|a Balázsik Katalin
|
| 245 |
1 |
0 |
|a Prokirális ketonok heterogén katalitikus enantioszelektív hidrogénezése
|h [elektronikus dokumentum] /
|c Balázsik Katalin
|
| 260 |
|
|
|c 2001
|
| 502 |
|
|
|a Disszertacio
|
| 650 |
|
4 |
|a kémiai tudományok
|
| 695 |
|
|
|a Kémia
|
| 700 |
1 |
|
|a Bartók Mihály
|e ths
|
| 856 |
4 |
0 |
|u https://doktori.bibl.u-szeged.hu/id/eprint/4784/1/2001_balaszik_katalin.pdf
|z Dokumentum-elérés
|
| 856 |
4 |
0 |
|u https://doktori.bibl.u-szeged.hu/id/eprint/4784/2/2001_balazsik_katalin_tezis_hun.pdf
|z Dokumentum-elérés
|
| 856 |
4 |
0 |
|u https://doktori.bibl.u-szeged.hu/id/eprint/4784/3/2001_balazsik_katalin_birl.pdf
|z Dokumentum-elérés
|